000 00759nam a2200253 a 4500
999 _c3095
_d3095
006 a||||gr||||i000 0
007 ta
008 190719s2021||||xxka|||grl|||i0|0 ||eng|d
020 _a9789280117301
_c£ 44.00
040 _aKO
_beng
041 0 _aeng
044 _axxk
082 0 4 _a623.8881
_bIn821
_223
110 2 _aInternational Maritime Organization
245 1 0 _aCSS Code :
_bCode of Safe Practice for Cargo Stowage and Securing /
_cInternational Maritime Organization
250 _a4th ed., 2021 ed.
260 _aLondon :
_bInternational Maritime Organization ,
_c2021
300 _avi, 173 p. :
_bill. ;
_c21 cm.
650 _aCargo handling
_xSafety regulations
904 _aRUDRA_R
905 _aR_RANJAN
942 _2ddc
_cBK